Religion Quiz

Random Religion or Bible Quiz

Biblical J's Quiz Stats

Quiz Updated Aug 22, 2012

Also try: Biblical E's
Challenge
Share
Tweet
Embed
Score 0/46 Timer 08:00
4 Plays Today
% Correct
Gospel of John
95.4%
John
95.4%
James
82.5%
James
82.5%
James the Less
82.5%
James (son)
82.5%
Joseph (husband)
79.9%
Joseph (son)
79.9%
Joshua
78.6%
Job
73.7%
Jeremiah
72%
Jesus (son)
70.6%
Jacob
68.4%
Judges
64.3%
Jerusalem
64.2%
Judas Iscariot
63.2%
Judas (son)
63.1%
Jude
62.5%
Jude (aka Thaddaeus)
62.5%
Jonah
60.9%
Jawbone
58.1%
Jericho
58%
Judah
55.3%
% Correct
Jordan River
53.3%
2 John
47.9%
1 John
47.5%
3 John
46.2%
Jesse
39.3%
Joel
38.2%
Jubilee
33.7%
Josiah
29.6%
Jeroboam I
15%
Jeroboam II
15%
Jehoshaphat
9.8%
Jehu
9.4%
Jehoash (Joash)
9%
Joash
8%
Joram (Jehoram)
6.7%
Jehoram (Joram)
6.7%
Jehoiakim
5.8%
Jephthah
5.5%
Jehoiachin
4.9%
Jotham
4.6%
Jair
4.4%
Jehoahaz
4%
Jehoahaz
4%

You're not logged in!

Compare scores with friends on all Sporcle quizzes.
Sign Up with Email
OR
Log In

You Might Also Like...

Show Comments

Extras

Top Quizzes Today


Score Distribution

Your Account Isn't Verified!

In order to create a playlist on Sporcle, you need to verify the email address you used during registration. Go to your Sporcle Settings to finish the process.